Immunology: Principles and practice (Record no. 394917)

MARC details
000 -LEADER
fixed length control field 00492 a2200193 4500
005 - DATE & TIME
control field 20260204150258.0
008 - FIXED-LENGTH DATA ELEMENTS--GENERAL INFORMATION
fixed length control field 260204b |||||||| |||| 00| 0 eng d
020 ## - ISBN
International Standard Book Number 9798898486143
Price $ 140.00
040 ## - CATALOGING SOURCE
Original cataloging agency VIVEKANANDA LIBRARY
082 ## - DDC NUMBER
Classification number 616.079
Book Number P345I
100 ## - MAIN ENTRY--PERSONAL NAME
Personal name Peel, Hasting, ed.
245 ## - TITLE STATEMENT
Title Immunology: Principles and practice
260 ## - PUBLICATION, DISTRIBUTION, ETC. (IMPRINT)
Name of publisher, distributor, etc cell publshing
Date of publication, distribution, etc 2026
Place of publication, distribution, etc Casper
300 ## - PHYSICAL DESCRIPTION
Pages 334
650 ## - Subject
Subject Immunology
650 ## - Subject
Subject Medical Education
650 ## - Subject
Subject Diseases
942 ## - ADDED ENTRY ELEMENTS (KOHA)
Koha item type Books
Holdings
Withdrawn status Lost status Source of classification or shelving scheme Damaged status Not for loan Location (home branch) Sublocation or collection (holding branch) Shelving location Date acquired Koha issues (times borrowed) Koha full call number Accession No. Koha date last seen Koha item type
    Dewey Decimal Classification     VIVEKANANDA LIBRARY VIVEKANANDA LIBRARY Vivekananda Library 05/01/2026   616.079 P345I 444220 05/01/2026 Books
© Designed and Maintained by Vivekananda Library, MDU Rohtak